[Event "FIDE WCCC U12 2018"]
[Site "Santiago de Compostela"]
[Date "2018.11.07"]
[Round "3"]
[White "Klimkowski, Jan"]
[Black "Bui, Bao Anh Le"]
[Result "1-0"]
[WhiteElo "1810"]
[BlackElo "2101"]
[Annotator "TA"]
[PlyCount "77"]
[EventDate "2018.11.04"]
[EventType "swiss"]
[EventCountry "ESP"]
[SourceTitle "playchess.com"]
[Source "ChessBase"]
[SourceQuality "1"]

{[%evp 22,77,66,44,60,53,123,88,124,33,104,97,143,125,134,134,181,129,168,178,191,195,246,237,241,213,220,183,368,377,430,428,626,580,743,727,570,231,228,231,222,212,221,213,261,278,260,254,2384,1838,1836,1325,29990,29991,29993,29992,29992,29993]} 1. e4 c5 2. Nf3 d6 3. d4 cxd4 4. Nxd4 Nf6 5. Nc3 a6 6. Be3 e5 7. Nb3 Be6 8. f4 exf4 9. Bxf4 Nc6 10. Qe2 Be7 11. h3 {B90: Sicilian Najdorf: Unusual White 6th moves, 6 Be3 Ng4 and 6 Be3 e5} Qc7 $146 (11... Nd7 12. O-O-O Nce5 13. Kb1 O-O 14. g4 Rc8 15. Qe3 Re8 {½-½ (70) Swiercz,D (2665)-Wojtaszek,R (2713) Poznan 2016}) ({Predecessor:} 11... O-O 12. O-O-O Qc7 13. g4 Rac8 14. Kb1 Ne5 15. g5 Nfd7 {1-0 (56) Wieczorek,O (2458)-Sieciechowicz,M (2409) Poland 2017}) 12. O-O-O {LiveBook: 6 Games} Rc8 13. g4 {[%cal Bg2g4,Bg4g5][%mdl 32] White is slightly better.} b5 (13... h6 $14) 14. Kb1 Ne5 15. Nd5 (15. g5 $1 $16) 15... Bxd5 ({Black should try} 15... Nxd5 $14 16. exd5 Bd7) 16. exd5 $16 O-O {[#]} 17. g5 $1 {Black must now prevent Bxe5.} Nfd7 18. Nd4 Ng6 19. Be3 (19. Bc1 $18) 19... Nb6 20. Qg2 Rfe8 21. h4 {[%cal Bh3h4,Bh4h5][%mdl 32]} Bf8 (21... Ne5 $142) 22. h5 $18 Ne7 23. Bd3 Nexd5 24. Bd2 {[%cal Be3d2,Bd2c3,Bc3d4][%mdl 32]} Qc5 $2 {[#]} (24... Qb7 25. Ka1 Rc7) 25. g6 $1 {[%cal Rg6f7]} Rc7 26. Nf5 Nf6 (26... Nc4 $142 27. Nh6+ Kh8) 27. Bc3 {gxh7+ is the strong threat.} Nbd5 28. Bd4 Qc6 29. Qg5 (29. gxh7+ $142 Kh8 30. Qg3) 29... fxg6 30. hxg6 h6 31. Qh4 Re6 32. Bxf6 Rxf6 33. Be4 Rxf5 34. Bxf5 $40 {[%mdl 128] Intending Be6+ and mate. Black is in trouble.} Ne3 $2 (34... Re7 35. Qg4 Nf6 36. Be6+ Kh8) 35. Be6+ Kh8 36. Qf2 {[%cal Rf2f8]} Qxc2+ 37. Qxc2 {White mates.} Nxc2 38. Rhf1 {[%cal Rf1f8]} Be7 39. Rc1 {Precision: White = 79%, Black = 22%.} 1-0

[Event "FIDE WCCC U12 2018"]
[Site "Santiago de Compostela"]
[Date "2018.11.07"]
[Round "3"]
[White "Del Prado Rodriguez, Xulio"]
[Black "Pavesi, Brando"]
[Result "1-0"]
[WhiteElo "1734"]
[BlackElo "2073"]
[Annotator "NA RC"]
[PlyCount "105"]
[EventDate "2018.11.04"]
[EventType "swiss"]
[EventCountry "ESP"]
[SourceTitle "playchess.com"]
[Source "ChessBase"]
[SourceQuality "1"]
[TimeControl "40/5400+30:1800+30"]

{[%evp 8,105,23,5,18,30,34,18,23,35,50,47,38,40,48,41,42,47,45,41,44,47,52,50,61,54,43,16,27,0,68,32,79,65,75,83,83,77,32767,106,70,35,38,32767,272,32767,242,264,310,81,258,106,112,32767,32767,177,825,649,423,32767,537,32767,12836,32767,4133,12841,12842,6266,12846,32767,32767,32767,32767,29974,7658,29975,29971,0,0,0,12847,29979,29975,29980,12850,29981,29982,32767,32767,32767,32767,32767,32767,32767,32767,32767,32767,29989,29989,29990]} 1. Nf3 {[%emt 0:00:00]} d5 {[%emt 0:00:09]} 2. d4 {[%emt 0:00:29]} Nf6 {[%emt 0:00:45]} 3. c4 {[%emt 0:00:40]} e6 {[%emt 0:00:51]} 4. g3 {[%emt 0:01:06]} c6 {[%emt 0:01:36]} 5. Qc2 {[%emt 0:01:17]} Bd6 {[%emt 0:03:24]} 6. Bg2 {[%emt 0:02:30]} Nbd7 {[%emt 0:03:52]} 7. O-O {[%emt 0:01:56]} O-O {[%emt 0:00:06]} 8. b3 {[%emt 0:04:23]} Qe7 {[%emt 0:10:54]} 9. Nc3 {[%emt 0:09:00]} b6 {[%emt 0:20:12]} 10. e4 {[%emt 0:04:29]} dxe4 {[%emt 0:01:59]} 11. Nxe4 {[%emt 0:00:51]} Nxe4 {[%emt 0:14:34]} 12. Qxe4 {[%emt 0:00:23]} Bb7 {[%emt 0:00:31]} 13. Re1 {[%emt 0:10:14] LiveBook: 4 Games E01: Catalan: Early deviations} Nf6 {[%emt 0:06:09]} 14. Qc2 {[%emt 0:01:35]} Rfe8 $146 {[%emt 0:06:46]} ({Predecessor:} 14... Rac8 15. Bb2 Rfd8 16. Rad1 Qc7 17. c5 Be7 18. Ne5 Nd7 19. b4 Nxe5 20. dxe5 bxc5 21. bxc5 Qa5 22. Rxd8+ Rxd8 23. Rc1 h6 24. Bf3 Ba6 {½-½ (24) Nikcevic,N (2540)-Prentos,K (2260) Athens 1997}) 15. Bb2 {[%emt 0:05:02]} a5 {[%emt 0:04:27]} 16. Ne5 {[%emt 0:03:31]} Qc7 {[%emt 0:04:12]} 17. Rac1 {[%emt 0:05:09]} c5 {[%emt 0:01:34]} 18. Nf3 {[%emt 0:05:57]} a4 {[%emt 0:02:29]} (18... cxd4 $11 19. Bxd4 Bb4) 19. dxc5 {[%emt 0:03:02]} Bxc5 {[%emt 0:02:12] [#]} (19... bxc5 $11 {remains equal.} 20. bxa4 Bc6) 20. Ng5 $1 {[%emt 0:03:57]} axb3 {[%emt 0:03:51]} 21. axb3 {[%emt 0:00:38]} Ra2 {[%emt 0:02:12] [#]} 22. Ra1 $1 {[%emt 0:04:56]} Rea8 {[%emt 0:01:27]} 23. Rxa2 {[%emt 0:02:45]} Rxa2 {[%emt 0:00:05] [#]} 24. Ra1 {[%emt 0:00:15]} (24. Qb1 $1 $16 {[%cal Rb1a2]} Bxg2 25. Qxa2) 24... Rxa1+ $1 25. Bxa1 {[%emt 0:00:16]} Be7 $2 {[%emt 0:07:45]} (25... h6 $1 $14 26. Bxf6 hxg5 27. Bxg5 Qe5 28. Bxb7 Qxg5) 26. Bxb7 {[%emt 0:05:11]} Qxb7 {[%emt 0:00:20]} 27. Bxf6 $1 {[%emt 0:00:11]} Bxf6 {[%emt 0:00:07]} 28. Qxh7+ {[%emt 0:00:14]} Kf8 {[%emt 0:00:06]} 29. Qe4 {[%emt 0:01:22]} (29. Qh8+ $18 {and the rest is easy.} Ke7 30. Nh7) 29... Qxe4 {[%emt 0:01:19]} 30. Nxe4 {[%emt 0:00:07]} Be7 {[%emt 0:00:14] [#]} 31. f4 $1 {[%emt 0:03:53]} Bc5+ $2 {[%emt 0:01:45]} (31... f5 $16) 32. Nxc5 {[%emt 0:00:58]} bxc5 {[%emt 0:00:04]} 33. Kf2 {[%emt 0:00:12]} Ke7 {[%emt 0:00:11]} 34. g4 {[%emt 0:01:39]} e5 {[%emt 0:01:16]} 35. fxe5 {[%emt 0:01:43]} Ke6 {[%emt 0:00:26]} 36. Ke3 {[%emt 0:00:34]} Kxe5 {[%emt 0:00:31]} 37. h4 {[%emt 0:00:32]} f5 {[%emt 0:00:44]} 38. gxf5 {[%emt 0:01:41]} Kxf5 {[%emt 0:00:08]} 39. Kf3 {[%emt 0:00:07]} g6 {[%emt 0:01:14]} 40. Kg3 {[%emt 0:00:00]} Kf6 41. Kf4 {[%emt 0:00:35]} Ke6 $11 {[%emt 0:01:38]} 42. Kg5 $2 {[%emt 0:02:46]} (42. Ke3 Kd7) 42... Kf7 {[%emt 0:02:23]} 43. Kf4 {[%emt 0:00:44]} Kf6 $2 {[%emt 0:06:11]} 44. Ke4 {[%emt 0:00:06]} Ke6 {[%emt 0:00:05]} 45. Kd3 {[%emt 0:00:49]} Kf5 {[%emt 0:00:33]} 46. Kc3 {[%emt 0:00:08]} Kg4 {[%emt 0:00:04]} 47. b4 {[%emt 0:00:04]} cxb4+ {[%emt 0:00:03]} 48. Kxb4 {[%emt 0:00:05]} Kxh4 {[%emt 0:00:03]} 49. c5 {[%emt 0:00:13]} g5 {[%emt 0:00:03]} 50. c6 {[%emt 0:00:01]} g4 {[%emt 0:00:04]} 51. c7 {[%emt 0:00:07]} g3 {[%emt 0:00:04]} 52. c8=Q {[%emt 0:00:08]} g2 {[%emt 0:00:10]} 53. Qc5 {[%emt 0:00:10]} 1-0

[Event "FIDE WCCC U12 2018"]
[Site "Santiago de Compostela"]
[Date "2018.11.07"]
[Round "3"]
[White "Springis, Jevgenijs"]
[Black "Silich, Yahor"]
[Result "0-1"]
[WhiteElo "1665"]
[BlackElo "2058"]
[Annotator "NA RC"]
[PlyCount "76"]
[EventDate "2018.11.04"]
[EventType "swiss"]
[EventCountry "ESP"]
[SourceTitle "playchess.com"]
[Source "ChessBase"]
[SourceQuality "1"]
[TimeControl "40/5400+30:1800+30"]

{[%evp 10,76,15,32767,11,-3,32767,0,4,0,12,0,1,0,18,12,16,-95,-85,-92,-87,-94,-77,-75,-75,-68,-56,-63,-60,-52,-56,-79,-66,-87,-95,-95,-89,-78,-59,-72,-29,32767,-163,-195,-184,-205,-77,32767,32767,32767,32767,32767,-194,32767,32767,-406,-391,-412,-407,-522,-558,-593,32767,-689,32767,-991,-1078,32767,-1832]} 1. e4 {[%emt 0:00:00]} c5 {[%emt 0:00:00]} 2. Nf3 {[%emt 0:00:00]} Nc6 {[%emt 0:00:00]} 3. Nc3 {[%emt 0:00:09]} g6 {[%emt 0:00:18]} 4. d4 {[%emt 0:01:48]} cxd4 {[%emt 0:00:14]} 5. Nxd4 {[%emt 0:00:35]} Bg7 {[%emt 0:00:39]} 6. Be3 {[%emt 0:02:29]} Nf6 {[%emt 0:00:40] LiveBook: 6062 Games} 7. Nxc6 {[%emt 0:09:21]} bxc6 {[%emt 0:00:07]} 8. Bc4 {[%emt 0:01:58]} d6 {[%emt 0:09:03]} 9. Qd2 {[%emt 0:07:03] B35: Sicilian: Accelerated Dragon with 5 Nc3: main line} (9. O-O O-O 10. Bb3 Be6 {½-½ (10) Ascic,P (2293)-Radocaj,D (2309) Bol 2013}) 9... O-O {[%emt 0:03:05]} 10. O-O {[%emt 0:10:01]} Qc7 {[%emt 0:06:52]} 11. Bb3 {[%emt 0:13:27]} Ba6 {[%emt 0:14:58]} 12. Rfe1 {[%emt 0:03:27]} Ng4 {[%emt 0:06:29]} 13. h3 {[%emt 0:06:49]} (13. Bf4 $11 {remains equal.}) 13... Nxe3 {[%emt 0:00:32]} 14. Qxe3 {[%emt 0:01:00]} Rab8 $146 {[%emt 0:02:18]} ({Predecessor:} 14... e6 15. Rab1 h5 16. Ne2 {1-0 (45) Goldstrass,B (1896)-Reiffenrath,C (1956) Suedwestfalen 2001}) 15. Rab1 {[%emt 0:07:24]} Bc8 {[%emt 0:09:53]} 16. Ne2 {[%emt 0:07:12]} Qb6 {[%emt 0:02:57]} 17. Qxb6 {[%emt 0:03:55]} axb6 {[%emt 0:00:25]} 18. c3 {[%emt 0:03:18]} Bb7 {[%emt 0:05:21]} 19. Rbd1 {[%emt 0:03:35]} Rfd8 {[%emt 0:02:49]} 20. Rd3 {[%emt 0:07:02]} Ra8 {[%emt 0:04:27]} 21. f4 {[%emt 0:04:50]} c5 {[%emt 0:01:40]} 22. Nc1 {[%emt 0:00:57]} b5 {[%emt 0:02:54]} 23. Bd5 {[%emt 0:00:42]} c4 {[%emt 0:02:38]} 24. Rd2 {[%emt 0:00:46] [#]} Bxd5 {[%emt 0:05:40]} (24... b4 $1 $17 {[%cal Rb4c3][%mdl 512]} 25. Bxb7 (25. cxb4 c3) 25... Ra7) 25. Rxd5 {[%emt 0:00:11] [#]} b4 $1 {[%emt 0:00:15]} 26. Re2 {[%emt 0:03:37]} bxc3 {[%emt 0:00:50]} 27. bxc3 {[%emt 0:00:03] [#]} Rdb8 {[%emt 0:01:08]} (27... Ra3 $1 $19 28. Rc2 Rxc3 29. Rxc3 Bxc3) 28. e5 {[%emt 0:01:39]} dxe5 {[%emt 0:00:11]} 29. fxe5 {[%emt 0:00:07]} Bh6 {[%emt 0:00:13]} 30. Rc2 {[%emt 0:00:48]} Rb1 {[%emt 0:00:22]} 31. Rd1 {[%emt 0:00:09]} Ra1 {[%emt 0:04:32]} 32. Rf1 $2 {[%emt 0:00:41]} (32. g3) 32... Rb8 {[%emt 0:01:14]} 33. Kf2 {[%emt 0:00:54]} Rbb1 {[%emt 0:00:14]} 34. Rd1 {[%emt 0:00:26]} Rxc1 {[%emt 0:00:15]} 35. Rcxc1 {[%emt 0:00:11]} Bxc1 {[%emt 0:01:52]} 36. a4 {[%emt 0:00:47]} Be3+ {[%emt 0:00:41]} 37. Ke2 {[%emt 0:00:21]} Rxd1 {[%emt 0:00:02]} 38. Kxd1 {[%emt 0:00:05]} Bb6 $19 {[%emt 0:00:13]} 0-1

[Event "FIDE WCCC U12 2018"]
[Site "Santiago de Compostela"]
[Date "2018.11.09"]
[Round "5"]
[White "Gukesh D"]
[Black "Kostolansky, Sebastian Lukas"]
[Result "1-0"]
[WhiteElo "2457"]
[BlackElo "2323"]
[Annotator "TA"]
[PlyCount "79"]
[EventDate "2018.11.04"]
[EventType "swiss"]
[EventCountry "ESP"]
[SourceTitle "playchess.com"]
[Source "ChessBase"]
[SourceQuality "1"]

{[%evp 27,79,87,102,97,127,84,106,102,108,99,109,107,110,113,112,94,104,102,131,129,110,77,134,116,131,129,129,129,162,162,162,156,159,144,214,139,265,274,381,383,368,381,370,347,639,631,29979,29980,29981,29981,29980,29982,29983,29984]} 1. Nf3 Nf6 2. g3 g6 3. b3 Bg7 4. Bb2 O-O 5. Bg2 d6 6. d4 Nbd7 7. O-O e5 8. dxe5 Ng4 9. c4 Ndxe5 10. Qd2 Nxf3+ 11. Bxf3 Ne5 12. Bg2 Re8 13. Nc3 Rb8 {E60: King's Indian: Unusual lines and Fianchetto Variation without Nc3} 14. Rad1 Be6 {LiveBook: 7 Games} (14... Bg4 15. h3 Be6 16. Kh2 a6 {½-½ (15) Varga,Z (2476)-Akshayraj,K (2483) Budapest 2012}) 15. f4 Nc6 {White is better.} 16. Nd5 $146 ({Predecessor:} 16. e4 Nd4 17. h3 a6 18. Ne2 Nxe2+ 19. Qxe2 Bxb2 20. Qxb2 Qe7 21. Rde1 {1-0 (31) Saric,A (2284)-Bajlo,K Zadar 2001}) 16... Bxb2 17. Qxb2 Bxd5 18. cxd5 ({Much worse is} 18. Rxd5 $6 Re3 $11) 18... Ne7 19. e4 c6 {[#]} 20. dxc6 $1 Nxc6 21. Rd2 Re6 22. Rfd1 Qe7 23. b4 a6 24. a3 Re8 (24... g5 $142) 25. Rd5 $16 Qc7 26. Qd2 Qb6+ 27. Kh1 Kg7 28. Qc3+ ({Don't go for} 28. Rxd6 $2 Rxd6 29. Qxd6 Rd8 $19) 28... Kg8 29. Rxd6 Rxd6 30. Rxd6 Rd8 (30... a5 $16 {keeps fighting.} 31. e5 axb4 32. axb4 Qa6) 31. Qc5 Qc7 (31... Qxc5 $16 {was necessary.} 32. bxc5 Rc8) 32. e5 $18 {[%cal Be4e5,Be5d6][%mdl 32]} Rxd6 33. exd6 ({Less strong is} 33. Qxd6 Qxd6 34. exd6 Kf8 $14) 33... Qd7 34. h4 Kf8 35. a4 Nd8 $2 (35... f6 36. Kh2 Nd8) 36. Qe5 {[%cal Re5h8] [#]} Kg8 37. Qe7 {White mates.} Qc8 38. Qc7 Qa8 39. d7 Kg7 40. Qc8 {Precision: White = 92%, Black = 21%.} 1-0

[Event "FIDE WCCC U12 2018"]
[Site "Santiago de Compostela"]
[Date "2018.11.09"]
[Round "5"]
[White "Murzin, Volodar"]
[Black "Nguyen, Quoc Hy"]
[Result "1/2-1/2"]
[WhiteElo "2340"]
[BlackElo "2117"]
[Annotator "TA"]
[PlyCount "183"]
[EventDate "2018.11.04"]
[EventType "swiss"]
[EventCountry "ESP"]
[SourceTitle "playchess.com"]
[Source "ChessBase"]
[SourceQuality "1"]

{[%evp 25,183,63,52,39,78,2,14,10,4,0,0,0,0,-12,8,0,0,0,0,0,0,-4,0,-4,-4,-4,-6,-10,-12,-35,-31,-43,-43,-64,-81,-110,-112,-113,-128,-122,-121,-130,-127,-126,-92,-92,-102,-116,-110,-124,-124,-139,-117,-142,-106,-120,-113,-166,-166,-162,-153,-165,-158,-186,-116,-140,0,-184,-146,-178,-144,-175,-172,-179,-126,-135,-109,-109,0,-105,-110,-116,-109,-109,-83,-83,-83,-83,-63,-63,0,0,0,-63,-63,-71,-71,-71,-71,-71,-71,-71,-71,-71,-71,-71,-71,-71,-63,-71,-63,-71,-63,-71,-71,-71,-71,-71,-71,-71,-71,-71,0,-71,-45,-71,-45,-71,-45,-71,0,0,0,0,0,0,0,0,0,0,0,0,0,0,0,0,0,-12850,0,0,0,0,0,0,0,0,0,0,0,0]} 1. e4 c5 2. Nf3 Nc6 3. d4 cxd4 4. Nxd4 Nf6 5. Nc3 e6 6. Ndb5 {[%cal Bd4b5,Bb5a3,Ba3c4][%mdl 32]} d6 7. Bf4 e5 8. Bg5 a6 9. Na3 Be6 10. Bxf6 Qxf6 11. Nd5 {B33: Sicilian: Pelikan and Sveshnikov Variations} Qd8 12. Nc4 b5 (12... Be7 13. c3 b5 14. Nxe7 Kxe7 15. Ne3 Qb6 16. Be2 {0-1 (43) Fedorchuk,S (2633)-Shevchenko,K (2527) Linares 2017}) 13. Nce3 Be7 {LiveBook: 5 Games} 14. c3 (14. a4 {looks sharper.} b4 15. Bc4 a5 16. Qd3 O-O 17. Rd1) 14... Bg5 15. g3 $146 (15. Nf5 $16) ({Predecessor:} 15. a4 b4 16. cxb4 Bxe3 17. Nxe3 Nxb4 18. Bc4 Qd7 19. Qd2 {½-½ (30) Dubov,D (2161)-Ilkin,A (2134) Ufa 2010}) 15... Bxe3 $11 16. Nxe3 O-O 17. Bg2 b4 18. O-O bxc3 19. bxc3 Qc7 20. Qd2 Na5 {[%cal Bc6a5,Ba5b7,Bb7c5,Bc5a4,Ba4b2][%mdl 32]} 21. Rfd1 Rfd8 22. Bf1 Nb7 23. Qc2 Nc5 24. Bc4 Bxc4 25. Nxc4 Qc6 26. f3 Na4 27. Ne3 Qxc3 28. Qf2 Nb2 29. Rdc1 Qd4 $36 {[%mdl 2048] Black is on the roll.} 30. Qe2 {[#]} Nc4 $1 {[%cal Rc4e3][%mdl 512]} 31. Qxc4 (31. Rxc4 Qxa1+) 31... Qxe3+ 32. Kg2 Qd2+ 33. Kg1 d5 34. exd5 Qxd5 35. Qxd5 Rxd5 $17 {[%mdl 4096] Endgame KRR-KRR} 36. Rc2 g6 37. Re1 Rad8 38. Kf2 Kg7 39. Ree2 R8d6 40. Rc4 Ra5 41. Kg2 (41. a4 $17 {keeps fighting.}) 41... Rd1 $19 42. Rcc2 Ra1 43. Kf2 h5 44. Kg2 Rb5 (44... g5 $19 45. Rf2 Ra3) 45. Rc4 Ra5 46. Rcc2 Kh6 47. Kf2 Rb1 48. Rc7 {[#]} Kg7 $1 49. Rc4 Rab5 (49... Ra1 $19 50. Rcc2 Kf6) 50. Rce4 Rh1 51. Kg2 Ra1 (51... Rd1 $17 52. Kf2 Rdd5) 52. Ra4 (52. Rc4 $1 $11 {was the only way to keep the balance.}) 52... a5 $17 53. f4 exf4 54. Rxf4 Rb4 (54... Rc1 {keeps more tension.} 55. Rff2 f5 56. h4 Rb4 57. Re7+ Kh6) 55. Rxb4 axb4 {KR-KR} 56. Rb2 Kf6 57. h4 Kf5 ({Black should play} 57... Rd1 $15) 58. Kf3 $11 Kf6 59. Rxb4 (59. Kg2 $11) 59... Rxa2 $15 60. Rb6+ {[#]} Kg7 $1 61. Rc6 Ra3+ 62. Kf2 Ra7 63. Kf3 Re7 64. Ra6 Re6 65. Ra4 Rb6 66. Rc4 Kf6 67. Re4 Re6 {Threatens to win with ...Rxe4.} 68. Ra4 Re7 69. Rf4+ Kg7 70. Ra4 Re5 71. Ra6 Rf5+ 72. Ke3 Kh6 73. Ra8 Kg7 (73... Rc5 $17) 74. Rb8 (74. Ra6 $1 $11 {keeps the balance.}) 74... f6 75. Ke4 Rf1 76. Ra8 Kh7 77. Rb8 g5 (77... Re1+ $17 78. Kf3 Re7) 78. hxg5 $11 fxg5 79. Ke5 g4 {White must now prevent ...Rf3.} 80. Ke4 Rf6 81. Ra8 Kg7 82. Rb8 Kg6 83. Ra8 Kg5 84. Ra5+ Kg6 85. Ra8 h4 86. Rh8 $2 {[%mdl 8192]} (86. gxh4 $11 Kh5 87. Rh8+ Kg6 88. Rg8+ Kh5 89. Rh8+ Rh6 90. Rxh6+ Kxh6 91. Kf4) 86... Rd6 $2 ({Black should try} 86... hxg3 $19 87. Rg8+ Kh5 88. Rh8+ Rh6) 87. gxh4 {The position is equal.} Kg7 88. Rh5 Rg6 {aiming for ...g3.} 89. Rg5 Rxg5 90. hxg5 Kg6 91. Kf4 g3 92. Kxg3 {Precision: White = 42%, Black = 56%.} 1/2-1/2

[Event "FIDE WCCC U12 2018"]
[Site "Santiago de Compostela"]
[Date "2018.11.09"]
[Round "5"]
[White "Guo, Arthur"]
[Black "Ohanyan, Emin"]
[Result "1-0"]
[WhiteElo "2333"]
[BlackElo "1742"]
[Annotator "TA"]
[PlyCount "223"]
[EventDate "2018.11.04"]
[EventType "swiss"]
[EventCountry "ESP"]
[SourceTitle "playchess.com"]
[Source "ChessBase"]
[SourceQuality "1"]

{[%evp 22,223,33,34,34,33,48,32,37,35,45,37,42,33,48,-16,40,30,51,31,32,15,0,-21,7,0,14,0,0,0,0,0,22,0,22,16,13,10,27,36,34,0,0,0,0,0,13,13,13,14,14,0,0,0,0,0,0,0,0,0,0,0,0,0,0,0,0,0,0,0,0,0,2,0,0,0,0,0,0,0,0,0,0,0,0,0,0,0,0,0,0,0,0,0,0,0,0,0,0,0,8,0,0,0,0,0,0,0,0,0,8,0,0,0,0,0,0,0,4,0,2,0,0,0,4,0,0,0,0,0,0,0,0,0,0,0,0,0,0,0,0,0,8,4,42,42,42,42,42,42,42,42,42,42,42,42,42,42,42,18,18,18,42,42,42,42,42,18,42,10,22,0,42,12,42,42,42,22,22,22,22,18,42,42,197,226,220,219,212,212,134,42,456,456,463,190,463,463,29972,29970,29989,29990,29995,29996]} 1. d4 {[%cal Bd2d4,Bd4e5][%mdl 32]} Nf6 2. c4 e5 3. dxe5 Ng4 4. Bf4 Nc6 5. Nf3 Bb4+ 6. Nbd2 Qe7 7. e3 Ngxe5 8. Nxe5 Nxe5 9. Be2 d6 10. O-O Bxd2 11. Qxd2 O-O 12. b4 {LiveBook: 16 Games} f6 {A52: Budapest Gambit} (12... Rd8 13. Qc3 b6 14. c5 Bb7 15. Bg3 f6 16. Rfc1 Kh8 17. a4 dxc5 18. bxc5 Rd5 19. Qa3 Rad8 20. c6 Qxa3 21. Rxa3 Nxc6 {½-½ (45) Heberla,B (2551)-Fridman,R (2463) Germany 2018}) 13. Rfc1 Be6 $146 ({Predecessor:} 13... b6 14. c5 dxc5 15. bxc5 Rd8 16. Qc3 Bf5 17. Bxe5 fxe5 18. a4 Kh8 19. a5 h6 20. f3 {1-0 (33) Sobek,J (2306)-Kufa,P (2182) Czechia 2006}) 14. Qb2 Bf7 {White is slightly better.} 15. h3 Rfd8 16. a4 {[%cal Ba2a4,Ba4a5][%mdl 32]} b6 17. a5 c5 18. Kh2 (18. b5 $14) 18... Nc6 ({Better is} 18... cxb4 $11 19. axb6 a5) 19. Bf3 Rac8 $1 20. axb6 axb6 21. b5 Nb4 22. Be2 d5 23. cxd5 Bxd5 24. f3 Bf7 25. e4 Nd3 26. Bxd3 $1 Rxd3 27. Ra6 Rb3 28. Qe2 c4 29. Rxb6 Qc5 30. Rd6 Qxb5 31. Rcd1 {Threatening Rd8+.} Qe8 32. e5 fxe5 33. Bg5 Rd3 34. R1xd3 cxd3 35. Qxd3 e4 36. fxe4 Qe5+ 37. Qg3 Re8 38. Bf4 Qxe4 39. Rd7 Qg6 40. Qxg6 (40. Qc3 {is interesting.} Qf5 41. Qc7 h6 42. Bg3 Re2 43. Qc8+) 40... Bxg6 $11 {[%mdl 4096] Endgame KRB-KRB} 41. g4 Bf7 42. Kg3 Be6 43. Ra7 Rf8 44. h4 Re8 45. Be5 Bf7 46. Kf4 Rf8 47. Ke4 Bg6+ 48. Ke3 Rf7 49. Ra5 Re7 50. h5 Be8 51. Kf4 Rf7+ 52. Kg5 Re7 53. Rc5 Bf7 54. Bd6 Re6 55. Rc8+ Re8 56. Rc7 Rd8 {...h6+ is the strong threat.} 57. Be5 Re8 58. Bc3 Re4 59. Rb7 Re6 60. Kf4 Re8 61. Rd7 Rf8 62. Kg3 Re8 63. Bd4 Re4 64. Kf3 Re6 65. Kf4 Re8 66. Be5 Rf8 67. Kg3 (67. Ke3 {with more complications.} h6 68. Bc3 Rc8 69. Bb2 Ra8 70. Ke4) 67... Re8 68. Bf4 Re4 69. Ra7 Re2 70. Kf3 Re8 71. Rd7 Be6 72. Rc7 Bf7 73. Rc5 Re6 74. Be5 Re8 75. Kf4 Rf8 76. Kg3 Re8 77. Bc3 Re4 78. Be5 Rc4 79. Ra5 Rc8 80. Ra7 Re8 81. Ba1 Re4 82. g5 g6 83. h6 Re8 84. Bf6 Rc8 85. Kf4 Re8 86. Be7 Rc8 87. Ke5 Rb8 88. Kd6 Re8 89. Kd7 Rb8 90. Bd8 Bd5 91. Ra5 Bf7 92. Kc7 Rb1 93. Be7 Be8 94. Bd6 Re1 95. Be5 Rd1 96. Bd6 Re1 97. Kd8 Bf7 98. Be5 {And now Ke7 would win.} Kf8 99. Kd7 {Ra8+ would kill now.} Be8+ $1 100. Kd6 {Threatens to win with Ra7.} Rd1+ 101. Kc5 {Black must now prevent Bd6+.} Rd7 102. Ra8 Kf7 $2 ({Black should try} 102... Ke7 $14) 103. Bd6 $18 Rb7 104. Kd5 $1 Rb5+ 105. Bc5 $1 Rb7 106. Ra6 ({White should play} 106. Ra3 $1 $16 {[%cal Ra3f3]} Bd7 107. Ra8) 106... Rd7+ $2 {[%mdl 8192] [#]} (106... Kg8 $1 $14) 107. Ke5 $1 {White wants to mate with Rf6+.} Kg8 108. Ke6 (108. Ra8 $142 Kf7 109. Ra6) 108... Rd8 $2 {[#]} (108... Rd1 109. Ra8 Re1+ 110. Kf6 Rf1+ 111. Ke5 Re1+ 112. Kf4 Rf1+ 113. Kg3 Re1) 109. Ra7 $1 {[%cal Ra7g7] Intending Rg7+ and mate.} Bd7+ (109... Bb5 $18 110. Rg7+ Kh8) 110. Ke7 {White mates.} Rf8 111. Kxd7 Rf7+ 112. Be7 {Precision: White = 53%, Black = 63%.} 1-0